| 000 | 01592cam a2200385 i 4500 | ||
|---|---|---|---|
| 999 |
_c57467 _d57467 |
||
| 001 | 18458379 | ||
| 005 | 20221105220837.0 | ||
| 008 | 150121s2016 pau b 001 0 eng | ||
| 010 | _a 2015002590 | ||
| 020 | _a9780803615717 (pbk) 1 | ||
| 020 | _a080361571X (pbk) 1 | ||
| 035 | _a(DNLM)101649943 | ||
| 040 |
_aDNLM/DLC _cDLC _erda _dDLC |
||
| 041 | _aeng | ||
| 042 | _apcc | ||
| 050 | 0 | 0 |
_aRB113 _b.C243 2016 |
| 060 | 1 | 0 | _aQZ 140 |
| 080 | _a616.07 C-20 | ||
| 082 | 0 | 0 |
_a616.07 _223 |
| 100 | 1 |
_aCapriotti, Theresa, _eauthor. _98749 |
|
| 245 | 1 | 0 |
_aPathophysiology : _bintroductory concepts and clinical perspectives / _cTheresa Capriotti, DO, MSNm CRNP, RN, Clinical Associate Professor, Villanova University, Villanova, Pennsylvania, Joan Parker Frizzell, PhD, CRNP, ANP-BC, Associate Professor, School of Nursing & Health science, La Salle University, Philadelphia, Pennsylvania, Nurse Practitioner, Roxborough Memorial Hospital, Philadelphia, Pennsylcannia. |
| 264 | 1 |
_aPhiladelphia : _bF.A. Davis Company, _c[2016] |
|
| 300 |
_axxvii, 1161 pages ; _c28 cm |
||
| 336 |
_atext _2rdacontent |
||
| 337 |
_aunmediated _2rdamedia |
||
| 338 |
_avolume _2rdacarrier |
||
| 504 | _aIncludes bibliographical references and index. | ||
| 650 | 1 | 2 |
_aDisease _vNurses' Instruction. _98750 |
| 653 | _aმედიცინა | ||
| 653 | _aპათოფიზიოლოგია | ||
| 700 | 1 |
_aFrizzell, Joan Parker, _eავტორი _98751 |
|
| 906 |
_a7 _bcbc _corignew _d1 _eecip _f20 _gy-gencatlg |
||
| 942 |
_2udc _cBK |
||
| 955 | _axn05 2015-12-09 1 copy rec'd., to CIP ver. | ||